| 000 | 02678nam a22001577a 4500 | ||
|---|---|---|---|
| 041 | _aukr | ||
| 080 | _a09 | ||
| 090 | _bПОЛ | ||
| 100 | _aПоліщук Інна Володимирівна | ||
| 245 | _aОсобливості канадської іднентифікації у творах Маргарет Етвуд. | ||
| 260 |
_aОстрог _bКАФ _c2012 |
||
| 300 | _a64 | ||
| 520 |
_aРозділ 1. Основні аспекти формування стилю Маргарет Етвуд.
1.1 Загальні тенденції Епохи Нового Часу.
1.2 Особливості Епохи Нового часу в Канадській літературі.
1.3 Еволюція манери письма Маргарет Етвуд крізь призму написаних творів.
Розділ 2. Засади формування канадської ідентичності.
2.1 Історичні передумови.
2.1.1 Корінне населення Канади.
2.1.2 Французькі поселення та боротьба за ідентичність франкомовних канадців в Канаді.
2.2 Франкомовні канадці та вплив на ідентичність канадця в англомовній Канаді.
2.3 Мультикультуралізм у контексті трансформації ідентичності.
2.4 Комунікативно-діалогічні концепції канадської ідентичності під впливом американської культури.
2.5 Формування ідентичності сучасного канадця засобами державної культурної політики.
Розділ 3 Збірний образ канадця 20 століття з творів Маргарет Етвуд.
3.1 Відображення національного типу мислення у романі "Рік Потопу" ("The Year of the Flood,2009")
3.2 Гендерна автентичність та соціальна сатира у романі "Історія,розказана Служницею" (Handmaids Tale, 1985).
3.3. Роман-антиутопія "Орікс та Кейк" (Oryx and Crake, 2003), як довідник визначення психологічного феномену особистості канадця.
3.4. Карти ідентичності та проблема "американізації" у романі "За водною гладінню" (Surfacing, 1972) _0стиль,твір |
||
| 650 | _aResearch Papers | ||
| 999 |
_c284990 _d284990 |
||
| 942 | _cBK | ||